| 000 | 01140nmm a2200373 a 4500 | ||
|---|---|---|---|
| 003 | AR-BaBNM | ||
| 005 | 20251128204813.0 | ||
| 008 | 116019s1994 ||||||||||||||000 | spa|| | ||
| 020 | _a950-9293-39-5 | ||
| 040 | _cAR-BaBNM | ||
| 245 | 1 | 0 |
_aLos actores sociopolíticos frente al cambio _buna perspectiva desde América Latina |
| 250 | _a1ª ed. | ||
| 260 |
_aBuenos Aires _bFundación Universidad a Distancia Hernandarias _bDocencia _c1994 |
||
| 300 | 0 | _a270 p. | |
| 504 | _aIncluye cuestionario de autoevaluación y bibliografía al final de cada capítulo. | ||
| 650 | 4 | _aSOCIOLOGIA POLITICA | |
| 650 | 4 | _aESTADO | |
| 650 | 4 | _aDEMOCRACIA | |
| 650 | 4 | _aPARTICIPACION POLITICA | |
| 650 | 4 | _aSISTEMAS POLITICOS | |
| 650 | 4 | _aCOMPORTAMIENTO SOCIAL | |
| 650 | 4 | _aMOVIMIENTOS SOCIALES | |
| 650 | 4 | _aCAMBIO CULTURAL | |
| 650 | 4 | _aCRISIS CULTURAL | |
| 651 | 4 | _aAmérica Latina | |
| 653 | 0 | _aEDUCACION A DISTANCIA | |
| 700 | 1 |
_aGarcía Delgado, Daniel _ecompilador |
|
| 700 | 1 | _aArroyo, Daniel | |
| 700 | 1 | _aRauss, Diego | |
| 700 | 1 | _aReboiras, Leandro | |
| 700 | 1 | _aRespuela, Sofía | |
| 942 | _cBK | ||
| 998 | _csole | ||
| 999 |
_c8890 _d8890 |
||